| 000 | 01178cam a22003615i 4500 | ||
|---|---|---|---|
| 999 |
_c27123 _d27095 |
||
| 001 | 015455079 | ||
| 003 | Uk | ||
| 005 | 20201128024405.0 | ||
| 008 | 091223r20102009enk frb 001 0 eng|d | ||
| 015 |
_aGBB001818 _2bnb |
||
| 016 | 7 |
_a015455079 _2Uk |
|
| 020 | _a9780230250390 (pbk.) | ||
| 020 | _a0230250394 (pbk.) | ||
| 035 | _a(StEdNL)4492736 | ||
| 040 |
_aStDuBDS _beng _cStDuBDS _dEG-ScBUE |
||
| 082 | 0 | 4 |
_a306.201 _222 _bCHH |
| 100 | 1 |
_aChhotray, Vasudha, _d1975- |
|
| 245 | 1 | 0 |
_aGovernance theory and practice : _ba cross-disciplinary approach / _cVasudha Chhotray and Gerry Stoker. |
| 264 | 1 |
_aHampshire, England : _bPalgrave Macmillan / Macmillan Publishers Limited, _c2010. |
|
| 300 |
_aix, 296 pages ; _c22 cm. |
||
| 336 |
_atext _2rdacontent |
||
| 337 |
_aunmediated _2rdamedia |
||
| 338 |
_avolume _2rdacarrier |
||
| 500 | _aOriginally published: 2009. | ||
| 500 | _aIncludes index. | ||
| 504 | _aBibliography : p. 248-269. | ||
| 650 | 7 |
_aPolitical science. _2BUEsh _91313 |
|
| 650 | 7 |
_aEconomic policy. _2BUEsh _93322 |
|
| 650 | 7 |
_aSocial policy. _2BUEsh _91084 |
|
| 653 |
_bBUSBOL _cFebruary2019 |
||
| 700 | 1 |
_aStoker, Gerry. _912562 |
|
| 942 |
_2ddc _cBB |
||